00257nam a2200085Ia 450000500170000000800410001710000190005824500810007765000130015820260328104311.0260328s9999||||xx |||||||||||||| ||und|| aMora, Mónica 0aPanamá Cosmopolita :b la exposicion de 1916 y su legado /cMónica Mora aPANAMÁ